000 00301nam a22001337a 4500
008 170607b xxu||||| |||| 00| 0 eng d
020 _a9780801893193
041 _aeng
080 _a327
100 _a18
101 _aSHP
245 _aDEMOCRATIZATION BY ELECTIONS
_cLINDBERGS,S.I
942 _2udc
_cBK
999 _c16231
_d16231